Newcastle Airport Destinations 2025 - Statistics

General Stats
  • This quiz has been taken 49 times
  • The average score is 50 of 84
Answer Stats
IATA ICAO Airline(s) Destination % Correct
DUB EIDW Aer Lingus, Ryanair Dublin
100%
AMS EHAM EasyJet, KLM Amsterdam
90%
BCN LEBL Jet2.com, Ryanair Barcelona
86%
BER EDDB Eurowings, Jet2.com Berlin
86%
LHR EGLL British Airways London (Heathrow)
86%
CDG LFPG Air France, EasyJet Paris (Charles de Gaulle)
86%
BUD LHBP Jet2.com Budapest
81%
ALC LEAL EasyJet, Jet2.com,Ryanair, TUI Airways Alicante
79%
FAO LPFR Jet2.com, Ryanair Faro
79%
GVA LSGG EasyJet, Jet2.com,TUI Airways Geneva
76%
IBZ LEIB Jet2.com, Ryanair,TUI Airways Ibiza
76%
PRG LKPR Jet2.com Prague
76%
VIE LOWW Jet2.com Vienna
76%
AYT LTAI Corendon Airlines,Jet2.com, SunExpress, TUI Airways Antalya
74%
CPH EKCH Jet2.com,Norwegian Air Shuttle Copenhagen
74%
DXB OMDB Emirates Dubai (International)
74%
DUS EDDL Eurowings Düsseldorf
74%
JER EGJJ Blue Islands,Jet2.com Jersey
74%
NAP LIRN TUI Airways Naples
74%
PMI LEPA EasyJet, Jet2.com,Ryanair, TUI Airways Palma de Mallorca
74%
CFU LGKR Jet2.com, TUI Airways Corfu
71%
FRA EDDF Lufthansa Frankfurt
71%
AGP LEMG EasyJet, Jet2.com Málaga
71%
MAH LEMH Jet2.com, TUI Airways Menorca
71%
SOU EGHI Loganair Southampton
71%
BFS EGAA EasyJet Belfast (International)
69%
LYS LFLL EasyJet Lyon
69%
OPO LPPR Jet2.com Porto
69%
DBV LDDU Jet2.com, TUI Airways Dubrovnik
67%
KRK EPKK Jet2.com Kraków
67%
LCA LCLK Jet2.com, Ryanair Larnaca
67%
ACE GCRR Jet2.com, Ryanair,TUI Airways Lanzarote
64%
BRS EGGD EasyJet Bristol
62%
EXT EGTE Loganair Exeter
62%
FUE GCFV Jet2.com, Ryanair Fuerteventura
62%
GCI EGJB Blue Islands Guernsey
62%
MLA LMML Jet2.com Malta
62%
BGY LIME Ryanair Milan (Bergamo)
62%
PFS LCPH Jet2.com, Ryanair,TUI Airways Paphos
62%
RHO LGRP Jet2.com, TUI Airways Rhodes
62%
FCO LIRF Jet2.com Rome (Fiumicino)
62%
TRN LIMF TUI Airways Turin
62%
LPA GCLP Jet2.com, Ryanair,TUI Airways Gran Canaria
60%
KGS LGKO Jet2.com Kos
60%
REU LERS Jet2.com, TUI Airways Reus
60%
TFS GCTS Jet2.com, Ryanair,TUI Airways Tenerife (South)
60%
WRO EPWR Ryanair Wrocław
60%
ZAD LDZD Ryanair Zadar
60%
DLM LTBS Jet2.com, SunExpress,TUI Airways Dalaman
57%
HER LGIR Jet2.com, TUI Airways Heraklion
57%
AGA GMAD Jet2.com, TUI Airways Agadir
55%
CGN EDDK Jet2.com Cologne / Bonn
55%
ZTH LGZA Jet2.com, TUI Airways Zakynthos
55%
INN LOWI TUI Airways Innsbruck
52%
PMO LICJ Jet2.com Palermo
52%
GDN EPGD Jet2.com, Ryanair Gdańsk
50%
ADB LTBJ Jet2.com İzmir
50%
EFL LGKF Jet2.com, TUI Airways Kefalonia
50%
NQY EGHQ Loganair Newquay
50%
VRN LIPX Jet2.com, TUI Airways Verona
50%
FNC LPMA Jet2.com Funchal
48%
RAK GMMX Jet2.com, Ryanair Marrakesh
48%
SID GVAC TUI Airways Sal
48%
BJV LTFE Jet2.com Bodrum
45%
KEF BIKF Jet2.com Reykjavík (Keflavík)
45%
BOJ LBBG BH Air, Jet2.com, TUI Airways Burgas
43%
CUN MMUN TUI Airways Cancún
43%
CHQ LGSA Jet2.com, Ryanair Chania
43%
GNB LFLS Jet2.com Grenoble
43%
JTR LGSR Jet2.com Santorini
43%
SKG LGTS Jet2.com Thessaloniki
43%
HRG HEGN TUI Airways Hurghada
40%
SSH HESH TUI Airways Sharm El Sheikh
40%
SVG ENZV Loganair Stavanger
40%
GRO LEGE Jet2.com Girona
38%
LZG LOWS TUI Airways Salzburg
38%
BGO ENBR Jet2.com, Loganair Bergen
36%
JSI LGSK Jet2.com, TUI Airways Skiathos
36%
MLB KMLB TUI Airways Melbourne / Orlando
33%
PVK LGPZ Jet2.com Preveza / Lefkada
33%
KTT EFKT TUI Airways Kittilä
31%
RVN EFRO TUI Airways Rovaniemi
31%
NBE DTNH TUI Airways Enfidha
29%
BGI TBPB TUI Airways Barbados
21%
No matching quizzes found
Score Distribution
Percent of People with Each Score
Percentile by Number Answered
Your Score History
You have not taken this quiz